000 00316nam a2200145 4500
999 _c8834
_d8834
003 OSt
005 20210223165335.0
008 210223b ||||| |||| 00| 0 eng d
020 _a9781593995843
082 _a301
245 _aIntroduction to sociology
250 _a2nd
260 _bRice university
942 _2ddc